What is History (Record no. 6393)

MARC details
000 -LEADER
fixed length control field 00385nam a22001697a 4500
005 - DATE AND TIME OF LATEST TRANSACTION
control field 20210904101341.0
008 - FIXED-LENGTH DATA ELEMENTS--GENERAL INFORMATION
fixed length control field 200521b xxu||||| |||| 00| 0 eng d
020 ## - INTERNATIONAL STANDARD BOOK NUMBER
ISBN 9780141010205
041 ## - LANGUAGE CODE
Language code of text/sound track or separate title eng
082 ## - DEWEY DECIMAL CLASSIFICATION NUMBER
Classification number 901 CAR
100 ## - MAIN ENTRY--AUTHOR NAME
Personal name Carr,E H
245 ## - TITLE STATEMENT
Title What is History
260 ## - PUBLICATION, DISTRIBUTION, ETC. (IMPRINT)
Place of publication U.K
Name of publisher Penguin Random House
300 ## - PHYSICAL DESCRIPTION
Number of Pages 177p.
650 ## - SUBJECT ADDED ENTRY--TOPICAL TERM
Topical Term History
942 ## - ADDED ENTRY ELEMENTS (KOHA)
Koha item type Books
Holdings
Lost status Damaged status Collection code Home library Current library Shelving location Date acquired Source of acquisition Cost, normal purchase price Full call number Accession Number Koha item type
    Reference JRU Library JRU Library SHELF-1-D 02/06/2020 PURCHASE 499.00 901 CAR 24237 Books
    LAW JRU Library JRU Library SHELF-30-A 02/06/2020 PURCHASE 499.00 901 CAR 24238 Books
    LAW JRU Library JRU Library SHELF-30-A 02/06/2020 PURCHASE 499.00 901 CAR 24239 Books